Gorilla doctors : (Record no. 5661)

MARC details
000 -LEADER
fixed length control field 01117nam a22002897a 4500
001 - CONTROL NUMBER
control field 5661
003 - CONTROL NUMBER IDENTIFIER
control field FISKH
005 - DATE AND TIME OF LATEST TRANSACTION
control field 20250109145044.0
008 - FIXED-LENGTH DATA ELEMENTS--GENERAL INFORMATION
fixed length control field 250109b cb ||||| |||| 00| 0 eng d
020 ## - INTERNATIONAL STANDARD BOOK NUMBER
International Standard Book Number 9780547014333
040 ## - CATALOGING SOURCE
Original cataloging agency FISKH
Language of cataloging eng
Transcribing agency FISKH
Modifying agency FISKH
050 ## - LIBRARY OF CONGRESS CALL NUMBER
Classification number SF997.G65
082 ## - DEWEY DECIMAL CLASSIFICATION NUMBER
Classification number 333.95
100 ## - MAIN ENTRY--PERSONAL NAME
Personal name Turner, Pamela S.
245 ## - TITLE STATEMENT
Title Gorilla doctors :
Remainder of title Saving endangered great apes /
Statement of responsibility, etc. by Pamela S. Turner
260 ## - PUBLICATION, DISTRIBUTION, ETC.
Place of publication, distribution, etc. Boston :
Name of publisher, distributor, etc. Houghton Mifflin Company ;
Date of publication, distribution, etc. 2005.
300 ## - PHYSICAL DESCRIPTION
Extent 64 pages :
Other physical details color illustrations ;
Dimensions 24 cm .
490 ## - SERIES STATEMENT
Series statement Scientists in the field
505 ## - FORMATTED CONTENTS NOTE
Formatted contents note Z <br/>
520 ## - SUMMARY, ETC.
Summary, etc. Mountain gorillas are one of the most endangered species in the world. Now they are facing a new threat, from the very tourism that is helping to protect them: exposure to human disease. This is the story of the Mountain Gorilla Veterinary Project and its work to provide medical care to the gorillas.
521 8# - TARGET AUDIENCE NOTE
Target audience note 910 <br/>
Source Lexile <br/>
521 8# - TARGET AUDIENCE NOTE
Target audience note Z <br/>
Source Raz-Plus <br/>
650 ## - SUBJECT ADDED ENTRY--TOPICAL TERM
Topical term or geographic name entry element gorillas
Form subdivision non-fiction
700 ## - ADDED ENTRY--PERSONAL NAME
Personal name Diercks, Lisa
Relator term Book designer
942 ## - ADDED ENTRY ELEMENTS (KOHA)
Source of classification or shelving scheme Dewey Decimal Classification
Koha item type Books
Suppress in OPAC No
Holdings
Withdrawn status Lost status Source of classification or shelving scheme Damaged status Not for loan Collection Home library Current library Shelving location Date acquired Total Checkouts Full call number Barcode Date last seen Date last checked out Price effective from Koha item type
    Dewey Decimal Classification     Non-Fiction Footprints International School Library Network Toul Kork Campus Footprints International School Library Network Toul Kork Campus TTP Secondary Non-Fiction Bookshelves 01/09/2025 1 TUR 333.95 SF997.G65 FIS02696 03/05/2025 03/03/2025 01/09/2025 Books